[Event "e2e4 Dublin Easter Masters"]
[Site "Dublin IRL"]
[Date "2012.09.04"]
[Round "9"]
[White "Rawell, Jon Egil"]
[Black "Freeman, Gordon"]
[Result "0-1"]
[WhiteElo "2035"]
[BlackElo "2157"]
[WhiteFideId "1510223"]
[BlackFideId "2501309"]
[EventDate "2012.04.05"]

1. e4 g6 2. d4 Bg7 3. Nc3 d6 4. f4 Nf6 5. Nf3 O-O 6. Be3 Nc6 7. e5 dxe5 8. dxe5
Ng4 9. Bg1 Qxd1+ 10. Rxd1 f6 11. Bc4+ Kh8 12. h3 Nh6 13. exf6 exf6 14. Bc5 Re8+
15. Kf2 Na5 16. Be2 b6 17. Be3 Nf5 18. Bc1 Nd6 19. Bd3 Bb7 20. Rhe1 Kg8 21. Nb5
Nxb5 22. Bxb5 Rxe1 23. Rxe1 Bf8 24. Be3 Rd8 25. Bd3 c5 26. b3 Bd5 27. Rd1 Be7
28. Be2 Be4 29. Rxd8+ Bxd8 30. Ne1 Kf7 31. Bd2 Nb7 32. Bf3 Nd6 33. Ke3 Bxf3 34.
Nxf3 b5 35. g4 Bb6 36. c3 Ke6 37. Be1 Kd5 38. g5 c4+ 39. Ke2 Ne4 40. h4 fxg5 41.
Nxg5 Nxg5 42. fxg5 Ke4 43. Bd2 Bc7 44. Be1 Be5 45. bxc4 bxc4 46. Bf2 a6 47. Be1
Bf4 48. Bf2 Bh2 49. Be1 Be5 50. Kd2 Kf3 51. Kd1 Bg3 52. Bd2 Bxh4 0-1

[Event "e2e4 Dublin Easter Masters"]
[Site "Dublin IRL"]
[Date "2012.09.04"]
[Round "9"]
[White "Grebstad, Kjell Borre"]
[Black "Omtvedt, Per"]
[Result "0-1"]
[WhiteElo "1987"]
[BlackElo "2100"]
[WhiteFideId "1509640"]
[BlackFideId "1503235"]
[EventDate "2012.04.05"]

1. d4 d5 2. c4 c6 3. e3 Nf6 4. Nc3 g6 5. Nf3 Bg7 6. Be2 O-O 7. O-O a6 8. Ne5 e6
9. f4 Nfd7 10. Bd2 f6 11. Nf3 f5 12. c5 Nf6 13. b4 Nbd7 14. a4 Ne4 15. Be1 a5
16. Nxe4 dxe4 17. Ng5 Nf6 18. bxa5 Nd5 19. Qb3 Nxe3 20. Nxe6 Bxe6 21. Qxe6+ Kh8
22. Rb1 Nxf1 23. Kxf1 Qc7 24. g3 Rad8 25. a6 bxa6 26. Rb6 Rf6 27. Qb3 Qd7 28.
Bc3 Rf7 29. Bxa6 Qe8 30. Bb7 Rc7 31. a5 e3 32. Ke2 Qe4 33. Qb2 Re8 34. a6 Qg2+
35. Kd3 e2 36. a7 Qf1 37. Be1 Qxe1 38. a8=Q Qd1+ 39. Kc4 Rxa8 40. Bxa8 h5 41.
Rb8+ Kh7 42. Re8 e1=Q 43. Rxe1 Qxe1 44. Bxc6 Rxc6 45. Qb7 Qe4 46. Qd7 Ra6 47. h4
Kh6 48. Kb5 Qd3+ 49. Kb4 Qxd4+ 50. Qxd4 Bxd4 0-1

[Event "e2e4 Dublin Easter Masters"]
[Site "Dublin IRL"]
[Date "2012.09.04"]
[Round "9"]
[White "Jackson, Carl"]
[Black "Mihajlov, Svetoslav"]
[Result "1/2-1/2"]
[WhiteElo "1982"]
[BlackElo "2093"]
[WhiteFideId "2502585"]
[BlackFideId "1507168"]
[EventDate "2012.04.05"]

1. e4 e5 2. Bc4 Nc6 3. Nf3 Bc5 4. b4 Bxb4 5. c3 Ba5 6. d4 exd4 7. O-O Nge7 8.
Ng5 d5 9. exd5 Ne5 10. Qxd4 f6 11. Bb3 Bb6 12. Qa4+ Bd7 13. Qe4 Bf5 14. Qa4+ Qd7
15. Qxd7+ Nxd7 16. Ne6 Bxe6 17. dxe6 Nc5 18. Na3 Ne4 19. Bb2 O-O-O 20. Bc2 Rd2
21. Bxe4 Rxb2 22. Nc4 Re2 23. Nxb6+ axb6 24. Rfe1 Rd2 25. Rad1 Rhd8 26. Rxd2
Rxd2 27. Bxh7 g6 28. h4 Kd8 29. g4 Ke8 30. h5 gxh5 31. gxh5 Rd5 32. h6 Rg5+ 33.
Kh2 Rh5+ 34. Kg3 Rxh6 35. Be4 c6 36. c4 Rh5 37. f4 f5 38. Bd3 Kf8 39. a4 Kg7 40.
Rb1 Nc8 41. c5 Kf6 42. cxb6 Kxe6 43. a5 Nd6 44. a6 Rh8 45. a7 c5 46. Ra1 Ra8 47.
Kf3 Kd5 48. Rh1 c4 49. Bc2 Kc5 50. Rh6 Nc8 51. Rh8 Nxb6 52. Rxa8 Nxa8 53. Bxf5
Kd4 54. Bc8 b5 55. f5 Ke5 56. Ke3 Nc7 57. Kd2 b4 58. Kc2 Kf6 59. Be6 c3 60. Kb3
Ke5 61. Bc8 Kf6 62. Bb7 Kxf5 63. a8=Q Nxa8 64. Bxa8 Ke5 65. Bf3 Kd4 66. Bd1 Kd3
67. Bc2+ Kd2 68. Bg6 Kc1 69. Kxb4 Kb2 1/2-1/2

[Event "e2e4 Dublin Easter Masters"]
[Site "Dublin IRL"]
[Date "2012.09.04"]
[Round "9"]
[White "Morriss, Pete"]
[Black "Courtney, John"]
[Result "1-0"]
[WhiteElo "2006"]
[BlackElo "2132"]
[WhiteFideId "2500230"]
[BlackFideId "2502380"]
[EventDate "2012.04.05"]

1. b4 d5 2. Bb2 Nf6 3. Nf3 e6 4. b5 c5 5. c4 Nbd7 6. e3 Bd6 7. d4 b6 8. Be2 O-O
9. O-O Bb7 10. Nbd2 Qe7 11. a4 e5 12. a5 a6 13. dxc5 Bxc5 14. Nb3 e4 15. Nfd4
axb5 16. cxb5 bxa5 17. Nxa5 Nb6 18. Qc2 Rfc8 19. Ndc6 Bxc6 20. Nxc6 Qf8 21. Bxf6
gxf6 22. Qb2 Qg7 23. Rfc1 Bd6 24. Qd4 Rxa1 25. Rxa1 f5 26. g3 Qxd4 27. Nxd4 Be5
28. Ra6 Bxd4 29. exd4 Rb8 30. Kf1 Kf8 31. Ke1 Ke7 32. Kd2 Nc4+ 33. Bxc4 dxc4 34.
b6 Kd6 35. Kc3 f4 36. gxf4 Kd5 37. Ra5+ Kc6 38. Rf5 Kxb6 39. Rxf7 Rg8 40. Rxh7
Rg2 41. Re7 Rxf2 42. Rxe4 Kb5 43. Re5+ Kc6 44. Kxc4 Rxf4 45. Re6+ Kd7 46. Rh6
Rg4 47. h4 Rf4 48. h5 Rh4 49. Kd5 Ke7 50. Ke5 Kf7 51. d5 Rh1 52. Kd6 Kg7 53.
Rg6+ Kf7 54. Rg5 Kf6 55. Rg2 Kf7 56. Kd7 Kf6 57. d6 Rxh5 58. Re2 Ra5 59. Kc8
Ra8+ 60. Kb7 1-0

[Event "e2e4 Dublin Easter Masters"]
[Site "Dublin IRL"]
[Date "2012.09.04"]
[Round "9"]
[White "Healy, John"]
[Black "Madynski, Pawel"]
[Result "1-0"]
[WhiteElo "1840"]
[BlackElo "2128"]
[WhiteFideId "2500965"]
[BlackFideId "1108751"]
[EventDate "2012.04.05"]

1. e4 g6 2. d4 Bg7 3. Nc3 c6 4. Nf3 d6 5. Bg5 Qb6 6. Qd2 h6 7. Be3 Bg4 8. O-O-O
Qa5 9. Kb1 Nd7 10. h3 Bxf3 11. gxf3 O-O-O 12. Bd3 c5 13. Ne2 Qc7 14. Qc3 Nb6 15.
b3 Kb8 16. Qa5 Rc8 17. Nc3 a6 18. dxc5 dxc5 19. Na4 Nxa4 20. Qxa4 Qe5 21. Kc1 e6
22. Qd7 Nf6 23. Qxf7 Rhd8 24. Qxg6 Nh5 25. Kd2 Rf8 26. Ke2 b5 27. c4 Rf6 28. Qg4
Nf4+ 29. Bxf4 Rxf4 30. Qg3 Rcf8 31. cxb5 Qh5 32. Qxg7 Rxf3 33. Kd2 Rd8 34. Kc2
Rxf2+ 35. Kb1 axb5 36. Qg3+ 1-0

[Event "e2e4 Dublin Easter Masters"]
[Site "Dublin IRL"]
[Date "2012.09.04"]
[Round "9"]
[White "Magee, Ronan"]
[Black "Cafolla, Peter"]
[Result "1-0"]
[WhiteElo "1948"]
[BlackElo "2034"]
[WhiteFideId "2503000"]
[BlackFideId "2500884"]
[EventDate "2012.04.05"]

1. e4 c5 2. Nf3 Nc6 3. Bb5 e6 4. Bxc6 bxc6 5. O-O d5 6. d3 Ne7 7. Nc3 Ba6 8. Re1
c4 9. dxc4 Bxc4 10. Ne5 Ba6 11. Qh5 g6 12. Qf3 f5 13. exf5 Nxf5 14. Nxc6 Qd6 15.
Qxd5 Qxd5 16. Nxd5 Kd7 17. Ne5+ Kc8 18. Ne3 Kb7 19. Nxf5 exf5 20. Bf4 1-0

[Event "e2e4 Dublin Easter Masters"]
[Site "Dublin IRL"]
[Date "2012.09.04"]
[Round "9"]
[White "Puroila, Sippo"]
[Black "O'Donnell, Conor"]
[Result "0-1"]
[WhiteElo "1886"]
[BlackElo "1804"]
[WhiteFideId "504572"]
[BlackFideId "2504243"]
[EventDate "2012.04.05"]

1. d4 Nf6 2. Nc3 d5 3. g3 Bf5 4. Bg2 e6 5. Nf3 c5 6. O-O Nc6 7. a3 cxd4 8. Nxd4
Nxd4 9. Qxd4 Bxc2 10. Bf4 a6 11. b4 Be7 12. Rfc1 Bb3 13. Rab1 Bc4 14. e4 Rc8 15.
Na4 Rc6 16. exd5 Bxd5 17. Rxc6 bxc6 18. Bf1 O-O 19. Nc5 Qa8 20. Nxa6 Rd8 21. Qb2
Ne8 22. a4 Bd6 23. Qc1 Bxf4 24. Qxf4 Nf6 25. b5 cxb5 26. axb5 Be4 27. Rc1 Bb7
28. h4 Nd5 29. Qe5 Rc8 30. Ra1 Bxa6 31. bxa6 Rc7 32. Bg2 Rc8 33. Kh2 h6 34. Ra5
Rd8 35. a7 Kf8 36. Qb2 Rd7 37. Qa3+ Ke8 38. Qa4 Ke7 39. h5 Kd8 40. Qd4 f6 41.
Qc5 Ke8 42. Ra6 Kf7 43. Bh3 Re7 44. Qd6 Nc7 45. Bg2 Nd5 46. Bh3 Nc7 47. Qd3 Nxa6
48. Qxa6 e5 49. Bg2 Qxa7 50. Bd5+ Kf8 51. Qc8+ Re8 52. Qf5 Ke7 53. Qe6+ Kd8 54.
Qd6+ Qd7 55. Qc5 Qc7 56. Bc6 Re7 57. Qd5+ Kc8 58. Qg8+ Qd8 59. Qc4 Kb8 60. Qb5+
Ka7 61. Qc5+ Kb8 62. Qb5+ Kc7 63. Qc5 Qd6 0-1

[Event "e2e4 Dublin Easter Masters"]
[Site "Dublin IRL"]
[Date "2012.09.04"]
[Round "9"]
[White "Kalaiyalahan, Akshaya"]
[Black "Roneid, Heidi"]
[Result "1-0"]
[WhiteElo "1640"]
[BlackElo "1689"]
[WhiteFideId "422894"]
[BlackFideId "1514431"]
[EventDate "2012.04.05"]

1. c4 e5 2. Nc3 Nc6 3. g3 Nf6 4. Bg2 Be7 5. e4 O-O 6. Nge2 d6 7. O-O Bg4 8. h3
Be6 9. d3 Qd7 10. Kh2 Rad8 11. f4 exf4 12. Nxf4 Ne5 13. Nxe6 Qxe6 14. Be3 a6 15.
Qe2 h6 16. d4 Nxc4 17. d5 Nxe3 18. dxe6 Nxf1+ 19. Rxf1 fxe6 20. Qc4 d5 21. exd5
b5 22. Qxc7 Bd6 23. Qb6 b4 24. Ne2 Nxd5 25. Rxf8+ Bxf8 26. Qxd8 1-0